000 00412nam a22001577a 4500
005 20241221104117.0
008 241221b ||||| |||| 00| 0 eng d
040 _cAL
041 _aEnglish
082 _223
_a348.04
_bEASS
100 _aEastern Book Company
_9191794
245 _aSupreme Court Cases 1997: Vol 8
260 _aLucknow
_bEastern Book Company
_c2016
650 _aLaw
_9191795
942 _2ddc
_cBI
999 _c233314
_d233314